| 000 | 01356nam a2200229Ia 4500 | ||
|---|---|---|---|
| 001 | 11107 | ||
| 003 | GE_BSU | ||
| 008 | 181216s||||||||xx |||||||||||||| ||und|| | ||
| 040 | _cGE_BSU | ||
| 080 | _a502(038)+58(038) | ||
| 100 | _aბაგრატიონი,იოანე | ||
| 245 | _aსაბუნებისმეტყველო განმარტებითი ლექსიკონი | ||
| 245 | _cტექსტი გამოსაცემად მოამზადეს,გამოკვლევა და საძიებლები დაურთეს თინა ენუქიძემ და ნანა კიკნაძემ. რედ.გ.მჭედლიძე, ალ.ღლონტი; მხატვ.გ.ლომიძე. | ||
| 260 | _aთბილისი. | ||
| 260 | _bმეცნიერება. | ||
| 260 | _c1986. | ||
| 300 | _a278გვ;22სმ. | ||
| 300 | _eსაძიებლები.გვ:225-269. | ||
| 520 | _aსაქ-ს სსრ.მეცნ.აკადემია. ბუნებისმეტყველებისა და ტექნიკის ისტორიკოსთა საბჭო. | ||
| 653 | _aსაბუნებისმეტყველო განმარტებითი ლექსიკონი | ||
| 942 | _cBK | ||
| 999 |
_c44346 _d44346 |
||